<?xml version="1.0" encoding="UTF-8"?>
<record
    xmlns:xsi="http://www.w3.org/2001/XMLSchema-instance"
    xsi:schemaLocation="http://www.loc.gov/MARC21/slim http://www.loc.gov/standards/marcxml/schema/MARC21slim.xsd"
    xmlns="http://www.loc.gov/MARC21/slim">

  <leader>00794nam a2200253 c 4500</leader>
  <controlfield tag="001">a5487185</controlfield>
  <controlfield tag="003">CO-ViMGA</controlfield>
  <controlfield tag="005">20230915233127.0</controlfield>
  <controlfield tag="008">140414s2013    sp     | |||| 000 1 spa  </controlfield>
  <datafield tag="020" ind1=" " ind2=" ">
    <subfield code="a">9788426138323</subfield>
  </datafield>
  <datafield tag="040" ind1=" " ind2=" ">
    <subfield code="a">CO-ViMGA</subfield>
    <subfield code="b">spa</subfield>
    <subfield code="c">CO-ViMGA</subfield>
  </datafield>
  <datafield tag="041" ind1="1" ind2=" ">
    <subfield code="h">eng</subfield>
  </datafield>
  <datafield tag="082" ind1="0" ind2="4">
    <subfield code="b">A BENr</subfield>
  </datafield>
  <datafield tag="100" ind1="1" ind2=" ">
    <subfield code="a">Bently, Peter</subfield>
    <subfield code="d">1960-</subfield>
    <subfield code="4">aut</subfield>
    <subfield code="9">2912</subfield>
  </datafield>
  <datafield tag="240" ind1="1" ind2="0">
    <subfield code="a">King Jack and the dragon</subfield>
    <subfield code="l">Espa&#xF1;ol</subfield>
  </datafield>
  <datafield tag="245" ind1="1" ind2="3">
    <subfield code="a">El rey Hugo y el dragon</subfield>
    <subfield code="c">Peter Bently y Helen Oxenbury ; [traduccion de Teresa Farran]</subfield>
  </datafield>
  <datafield tag="250" ind1=" " ind2=" ">
    <subfield code="a">2&#xAE; ed.</subfield>
  </datafield>
  <datafield tag="260" ind1=" " ind2=" ">
    <subfield code="a">Barcelona</subfield>
    <subfield code="b">Juventud</subfield>
    <subfield code="c">2013</subfield>
  </datafield>
  <datafield tag="300" ind1=" " ind2=" ">
    <subfield code="a">[32] p.</subfield>
    <subfield code="b">il. col. y n.</subfield>
    <subfield code="c">29 cm</subfield>
  </datafield>
  <datafield tag="650" ind1="1" ind2="4">
    <subfield code="a">Libros ilustrados para ni&#xF1;os</subfield>
    <subfield code="9">87</subfield>
  </datafield>
  <datafield tag="700" ind1="1" ind2=" ">
    <subfield code="a">Farran, Teresa</subfield>
    <subfield code="e">traductor</subfield>
    <subfield code="4">trl</subfield>
    <subfield code="9">403</subfield>
  </datafield>
  <datafield tag="700" ind1="1" ind2=" ">
    <subfield code="a">Oxenbury, Helen</subfield>
    <subfield code="d">1938-</subfield>
    <subfield code="e">ilustrador</subfield>
    <subfield code="4">ill</subfield>
    <subfield code="9">2913</subfield>
  </datafield>
  <datafield tag="942" ind1=" " ind2=" ">
    <subfield code="2">ddc</subfield>
    <subfield code="c">BK</subfield>
  </datafield>
  <datafield tag="999" ind1=" " ind2=" ">
    <subfield code="c">35383</subfield>
    <subfield code="d">35383</subfield>
  </datafield>
  <datafield tag="952" ind1=" " ind2=" ">
    <subfield code="0">0</subfield>
    <subfield code="1">0</subfield>
    <subfield code="2">ddc</subfield>
    <subfield code="4">0</subfield>
    <subfield code="7">0</subfield>
    <subfield code="8">008</subfield>
    <subfield code="a">MEVIECAR</subfield>
    <subfield code="b">MEVIECAR</subfield>
    <subfield code="d">2016-03-18</subfield>
    <subfield code="l">13</subfield>
    <subfield code="m">1</subfield>
    <subfield code="o">A BENr</subfield>
    <subfield code="p">29832</subfield>
    <subfield code="r">2021-11-18 00:00:00</subfield>
    <subfield code="s">2021-11-17</subfield>
    <subfield code="t">Ej. 1</subfield>
    <subfield code="w">2016-03-18</subfield>
    <subfield code="y">BK</subfield>
  </datafield>
  <datafield tag="952" ind1=" " ind2=" ">
    <subfield code="0">0</subfield>
    <subfield code="1">0</subfield>
    <subfield code="4">0</subfield>
    <subfield code="7">0</subfield>
    <subfield code="8">InfPoTi</subfield>
    <subfield code="a">MEVIGERR</subfield>
    <subfield code="b">MEVIGERR</subfield>
    <subfield code="c">SInf</subfield>
    <subfield code="d">2014-11-21</subfield>
    <subfield code="o">A BEN10</subfield>
    <subfield code="p">ECA22903</subfield>
    <subfield code="r">2024-11-26 09:29:22</subfield>
    <subfield code="t">Ej.2</subfield>
    <subfield code="w">2024-11-26</subfield>
    <subfield code="y">BK</subfield>
    <subfield code="z">17171 | 22075</subfield>
  </datafield>
  <datafield tag="952" ind1=" " ind2=" ">
    <subfield code="0">0</subfield>
    <subfield code="1">0</subfield>
    <subfield code="4">0</subfield>
    <subfield code="7">0</subfield>
    <subfield code="8">InfPoTi</subfield>
    <subfield code="a">MEVIGERR</subfield>
    <subfield code="b">MEVIGERR</subfield>
    <subfield code="c">SInf</subfield>
    <subfield code="d">2014-09-30</subfield>
    <subfield code="l">1</subfield>
    <subfield code="o">A BEN10</subfield>
    <subfield code="p">ECA22220</subfield>
    <subfield code="q">2025-12-17</subfield>
    <subfield code="r">2025-12-03 13:34:58</subfield>
    <subfield code="s">2025-12-03</subfield>
    <subfield code="t">Ej.1</subfield>
    <subfield code="w">2024-11-26</subfield>
    <subfield code="y">BK</subfield>
    <subfield code="z">17171 | 22074</subfield>
  </datafield>
</record>
